书目信息 |
| 书名: | Any wednesday I'm yours | |
| 作者: | Mayra santos-fedres | |
| 分册号: | ||
| 分册名: | 出版地: | America |
|
| 出版社: | Riverhead books | |
| 出版时间: | 2005 | |
| 页数: | 273p | |
| 开本: | 20cm | |
| 丛书名: | ||
| 中图分类号: | ||
| 科图分类号: | ||
| 其他分类号: | I712.4 | |
| 主题词: | ||
| 电子资源: | ||
| 000 | 00421nam0 2200157 450 | |
| 001 | 202012201305 | |
| 005 | 20121127090807.0 | |
| 008 | 20010101s | |
| 020 | @a978-1-5944-8001-0@c$14.00 | |
| 099 | @dI712.4@eM4742 | |
| 245 | 10 | @aAny wednesday I'm yours@cMayra santos-fedres |
| 260 | 0 | @aAmerica@bRiverhead books@c2005 |
| 300 | @a273p@c20cm | |
| 905 | @b11348 | |
| 905 | @b12741 | |
| 905 | @aTSG@dI712.4@eM4742 | |
| Any wednesday I'm yours / Mayra santos-fedres.-America : Riverhead books , 2005 |
| 273p ; 20cm |
| ISBN 978-1-5944-8001-0$14.00 |
| ● |
| 相关链接 |
|
|
|
正题名:Any wednesday I'm yours
索取号:I712.4/M4742
 
预约/预借
| 序号 | 登录号 | 条形码 | 馆藏地/架位号 | 状态 | 备注 |